[Event "GER-chA Seniors 27th"]
[Site "Magdeburg"]
[Date "2015.08.20"]
[Round "6"]
[White "Kaiser, Helmut"]
[Black "Mertens, Gottfried"]
[Result "1/2-1/2"]
[WhiteElo "2091"]
[BlackElo "1929"]
[PlyCount "170"]
[EventDate "2015.08.15"]
[EventType "swiss"]
[EventRounds "9"]
[EventCountry "GER"]
[SourceTitle "EXT 2018"]
[Source "ChessBase"]
[SourceDate "2017.10.13"]
[SourceVersion "1"]
[SourceVersionDate "2017.10.13"]
[SourceQuality "1"]

1. e4 e6 2. d4 d5 3. Nc3 dxe4 4. Nxe4 Bd7 5. Nf3 Bc6 6. Bd3 Bxe4 7. Bxe4 c6 8. 0-0 Nf6 9. Bd3 Be7 10. c3 Nbd7 11. Qe2 0-0 12. Bf4 Re8 13. Rad1 Nf8 14. Ne5 Nd5 15. Bg3 Nf6 16. Kh1 N8d7 17. f4 Rf8 18. f5 exf5 19. Bxf5 Qe8 20. Rde1 Nb6 21. Bc2 Nbd5 22. a3 Qd8 23. Qd3 g6 24. c4 Nc7 25. Bh4 Ne6 26. Nf3 Qb6 27. b4 Rad8 28. c5 Qa6 29. Qxa6 bxa6 30. Bg3 Nd5 31. Be4 Bf6 32. Be5 Bxe5 33. dxe5 Rfe8 34. Rd1 Nec7 35. Rfe1 Ne7 36. Nd4 Ncd5 37. Nxc6 Nxc6 38. Bxd5 Nxe5 39. h3 Kg7 40. Bb7 Nc4 41. c6 Nb6 42. c7 Rxd1 43. Rxd1 Re3 44. c8Q Nxc8 45. Bxc8 Rxa3 46. Rd6 Ra4 47. Rxa6 Rxb4 48. Rxa7 Rf4 49. Kh2 h5 50. Bb7 h4 51. Bd5 Rf6 52. Kg1 Rf4 53. Bf3 Kh6 54. Re7 Rf6 55. Kf2 Kg7 56. Ke3 g5 57. Rc7 Re6+ 58. Kf2 Rf6 59. Rc5 Kg6 60. Rc6 Rxc6 61. Bxc6 f5 62. Bf3 Kf6 63. Ke3 Ke6 64. Bd1 Kd5 65. Kf3 Ke5 66. Ke3 Kd5 67. Be2 Ke5 68. Bf3 Ke6 69. Kd4 Kd6 70. Bd1 Ke6 71. Be2 Kd6 72. Bf3 Ke6 73. Bh5 Kd6 74. Bg6 Ke6 75. Bh5 Ke7 76. Bd1 Ke6 77. Bb3+ Kf6 78. Bd1 Ke6 79. Bb3+ Kd6 80. Bf7 g4 81. hxg4 fxg4 82. Bd5 g3 83. Ba8 h3 84. gxh3 g2 85. Bxg2 Ke7 1/2-1/2

[Event "Baden-ch Seniors"]
[Site "Waldshut Tiengen"]
[Date "2014.06.15"]
[Round "3"]
[White "Kaiser, Helmut"]
[Black "Mueller, Rudolf"]
[Result "1/2-1/2"]
[WhiteElo "2049"]
[BlackElo "2192"]
[PlyCount "94"]
[EventDate "2014.06.14"]
[EventType "swiss"]
[EventRounds "9"]
[EventCountry "GER"]
[SourceTitle "EXT 2015"]
[Source "ChessBase"]
[SourceDate "2014.11.20"]
[SourceVersion "1"]
[SourceVersionDate "2014.11.20"]
[SourceQuality "1"]

1. e4 e5 2. Nf3 Nc6 3. d4 exd4 4. Nxd4 Bc5 5. Nb3 Be7 6. Nc3 d6 7. Be2 Be6 8. 0-0 a5 9. Bb5 Nf6 10. Nd4 Bd7 11. Re1 0-0 12. Nxc6 bxc6 13. Be2 a4 14. Bf3 h6 15. Bf4 Nh7 16. Qd2 Bg5 17. Bxg5 Nxg5 18. Qf4 Qe7 19. b3 axb3 20. axb3 Rxa1 21. Rxa1 f5 22. Qe3 f4 23. Qd3 Qe5 24. Rd1 Ne6 25. Na4 h5 26. Qc3 Qg5 27. e5 d5 28. Re1 h4 29. Nc5 Nxc5 30. Qxc5 h3 31. e6 Re8 32. c4 Bxe6 33. cxd5 Bd7 34. Rxe8+ Bxe8 35. Qc4 cxd5 36. Qxd5+ Qxd5 37. Bxd5+ Bf7 38. Bxf7+ Kxf7 39. gxh3 Ke6 40. Kf1 Kd5 41. Ke2 Ke4 42. h4 g6 43. f3+ Kd4 44. Kd2 c6 45. h3 c5 46. h5 gxh5 47. h4 c4 1/2-1/2

[Event "GER-ch45 V06 email"]
[Site "GER email"]
[Date "2013.03.27"]
[Round "?"]
[White "Kaiser, Helmut"]
[Black "Anderskewitz, Ralf"]
[Result "1-0"]
[WhiteElo "2298"]
[BlackElo "2103"]
[PlyCount "81"]
[EventDate "2013.04.08"]
[EventType "tourn (corr)"]
[EventRounds "12"]
[EventCountry "GER"]
[SourceTitle "Corr 2015"]
[Source "ChessBase"]
[SourceDate "2015.07.17"]
[SourceVersion "1"]
[SourceVersionDate "2015.07.17"]
[SourceQuality "1"]

1. e4 c5 2. Nf3 d6 3. d4 cxd4 4. Nxd4 Nf6 5. Nc3 a6 6. Be3 e5 7. Nb3 Be6 8. f3 Be7 9. Qd2 0-0 10. 0-0-0 Nbd7 11. g4 b5 12. g5 b4 13. Ne2 Ne8 14. f4 a5 15. f5 a4 16. Nbd4 exd4 17. Nxd4 b3 18. Kb1 bxc2+ 19. Nxc2 Bb3 20. axb3 axb3 21. Na3 Ne5 22. Qg2 Kh8 23. h4 f6 24. Rh3 Ra4 25. Bb5 Rb4 26. Bd2 Rd4 27. Rxb3 d5 28. Nc2 Rxe4 29. Bb4 Qc7 30. Qd2 Bxb4 31. Qxd5 Rf4 32. Rxb4 fxg5 33. hxg5 R4xf5 34. Qe6 R5f7 35. Ba4 Re7 36. Qd5 Ng6 37. Nd4 Qh2 38. Bc2 Nc7 39. Qc4 Rd7 40. Rb7 Ne7 41. Rc1 1-0

[Event "GER-ch45 V06 email"]
[Site "GER email"]
[Date "2013.03.27"]
[Round "?"]
[White "Kaiser, Helmut"]
[Black "Gromotka, Harry"]
[Result "1-0"]
[WhiteElo "2298"]
[BlackElo "2073"]
[PlyCount "95"]
[EventDate "2013.04.08"]
[EventType "tourn (corr)"]
[EventRounds "12"]
[EventCountry "GER"]
[SourceTitle "Corr 2015"]
[Source "ChessBase"]
[SourceDate "2015.07.17"]
[SourceVersion "1"]
[SourceVersionDate "2015.07.17"]
[SourceQuality "1"]

1. e4 c5 2. Nf3 d6 3. d4 cxd4 4. Nxd4 Nf6 5. Nc3 a6 6. Be3 e6 7. f3 b5 8. g4 h6 9. Qd2 Nbd7 10. 0-0-0 Bb7 11. h4 d5 12. Bh3 b4 13. Na4 dxe4 14. g5 hxg5 15. hxg5 exf3 16. Nxe6 fxe6 17. Bf5 exf5 18. Rxh8 Ng4 19. Nc5 Nxc5 20. Qxd8+ Rxd8 21. Rxd8+ Kxd8 22. Rxf8+ Kd7 23. Bxc5 Ke6 24. Kd2 Bd5 25. b3 Be4 26. Bd4 a5 27. Rg8 f2 28. Ke2 Bxc2 29. Bxf2 Bb1 30. Bd4 Bxa2 31. g6 f4 32. Rxg7 Bxb3 33. Ra7 Kd5 34. Ba1 Ke4 35. Re7+ Kf5 36. g7 Bc4+ 37. Kd2 f3 38. Rc7 Be6 39. Rc6 Ba2 40. Rc8 a4 41. g8Q Bxg8 42. Rxg8 Kf4 43. Bd4 Kg3 44. Bc5 b3 45. Ba3 Kh3 46. Ke1 Kg3 47. Bc1 Kh3 48. Kf1 1-0

[Event "GER-ch45 V06 email"]
[Site "GER email"]
[Date "2013.03.27"]
[Round "?"]
[White "Kaiser, Helmut"]
[Black "Kunz, Harry"]
[Result "1/2-1/2"]
[WhiteElo "2298"]
[BlackElo "2093"]
[PlyCount "49"]
[EventDate "2013.04.08"]
[EventType "tourn (corr)"]
[EventRounds "12"]
[EventCountry "GER"]
[SourceTitle "Corr 2015"]
[Source "ChessBase"]
[SourceDate "2015.07.17"]
[SourceVersion "1"]
[SourceVersionDate "2015.07.17"]
[SourceQuality "1"]

1. e4 c5 2. Nf3 d6 3. d4 cxd4 4. Nxd4 Nf6 5. Nc3 a6 6. Be3 e5 7. Nb3 Be6 8. f3 Be7 9. Qd2 0-0 10. 0-0-0 a5 11. Bb5 Na6 12. Qe2 Qb8 13. g4 Rc8 14. g5 Ne8 15. Nd2 Nec7 16. Bc4 b5 17. Bxe6 fxe6 18. g6 h6 19. Qg2 a4 20. Qh3 Bf8 21. Rhg1 Nc5 22. Bxh6 gxh6 23. g7 Bxg7 24. Rxg7+ Kxg7 25. Rg1+ 1/2-1/2

[Event "Pyramiden Franken Cup 5th"]
[Site "Fuerth"]
[Date "2002.09.05"]
[Round "6"]
[White "Kaiser, Helmut"]
[Black "Schatz, Christian"]
[Result "1/2-1/2"]
[WhiteElo "2025"]
[BlackElo "2148"]
[PlyCount "20"]
[EventDate "2002.08.31"]
[EventType "swiss"]
[EventRounds "9"]
[EventCountry "GER"]
[SourceTitle "CBM 090 Extra"]
[Source "ChessBase"]
[SourceDate "2002.11.07"]
[SourceVersion "1"]
[SourceVersionDate "2002.11.07"]
[SourceQuality "1"]

1. e4 g6 2. d4 Bg7 3. Nc3 d6 4. Be3 Nd7 5. Qd2 e6 6. f4 Ne7 7. Nf3 a6 8. a4 b6 9. Bd3 c5 10. 0-0 Qc7 1/2-1/2

[Event "Pyramiden Franken Cup 5th"]
[Site "Fuerth"]
[Date "2002.09.03"]
[Round "4"]
[White "Kaiser, Helmut"]
[Black "Pitschka, Claus"]
[Result "1/2-1/2"]
[WhiteElo "2025"]
[BlackElo "2287"]
[PlyCount "85"]
[EventDate "2002.08.31"]
[EventType "swiss"]
[EventRounds "9"]
[EventCountry "GER"]
[SourceTitle "CBM 090 Extra"]
[Source "ChessBase"]
[SourceDate "2002.11.07"]
[SourceVersion "1"]
[SourceVersionDate "2002.11.07"]
[SourceQuality "1"]

1. e4 Nf6 2. e5 Nd5 3. Bc4 Nb6 4. Bb3 d5 5. exd6 cxd6 6. Qf3 d5 7. d4 Be6 8. Ne2 Qd7 9. Nf4 Nc6 10. c3 Bg4 11. Qg3 Bf5 12. 0-0 e6 13. Nd3 Bd6 14. Ne5 Qc7 15. Bf4 0-0-0 16. Nd3 Bxf4 17. Nxf4 h5 18. Ne2 Qe7 19. Na3 h4 20. Qe3 Nd7 21. c4 Nf6 22. Rfe1 Ng4 23. Qd2 Qd6 24. f4 dxc4 25. Nxc4 Qd7 26. Qc3 h3 27. gxh3 Nf6 28. Ne5 Qc7 29. Rac1 Rxh3 30. Ng3 Ne4 31. Qe3 Nxg3 32. hxg3 Rdh8 33. Kg2 Rh2+ 34. Kf3 Kb8 35. d5 Nxe5+ 36. Qxe5 Qxe5 37. fxe5 exd5 38. Bxd5 Be6 39. Bxe6 fxe6 40. Red1 Rf8+ 41. Kg4 Rxb2 42. Rd6 Rxa2 43. Rxe6 1/2-1/2

[Event "Pyramiden Franken Cup 5th"]
[Site "Fuerth"]
[Date "2002.08.31"]
[Round "1"]
[White "Smeets, Jan"]
[Black "Kaiser, Helmut"]
[Result "1-0"]
[WhiteElo "2392"]
[BlackElo "2025"]
[PlyCount "51"]
[EventDate "2002.08.31"]
[EventType "swiss"]
[EventRounds "9"]
[EventCountry "GER"]
[SourceTitle "CBM 090 Extra"]
[Source "ChessBase"]
[SourceDate "2002.11.07"]
[SourceVersion "1"]
[SourceVersionDate "2002.11.07"]
[SourceQuality "1"]

1. e4 e6 2. d4 d5 3. e5 c5 4. c3 Nc6 5. Nf3 Qb6 6. a3 a5 7. Bd3 Bd7 8. 0-0 cxd4 9. cxd4 Nxd4 10. Nxd4 Qxd4 11. Nc3 Qb6 12. Qg4 Ne7 13. Be3 Qc7 14. Rac1 Nc6 15. Nb5 Qb8 16. Bb6 Nxe5 17. Qg3 Bxb5 18. Bxb5+ Nc6 19. Bc7 Qc8 20. Rxc6 bxc6 21. Bxc6+ Ke7 22. Bd6+ Kd8 23. Bxa8 Qxa8 24. Rc1 Qb7 25. Bxf8 Rxf8 26. Qd6+ 1-0

[Event "Pyramiden Franken Cup 4th"]
[Site "Fuerth"]
[Date "2001.08.26"]
[Round "9"]
[White "Kaiser, Helmut"]
[Black "Frey, Michael"]
[Result "1-0"]
[WhiteElo "1944"]
[BlackElo "1586"]
[PlyCount "38"]
[EventDate "2001.08.18"]
[EventType "swiss"]
[EventRounds "9"]
[EventCountry "GER"]
[SourceTitle "EXT 2010"]
[Source "ChessBase"]
[SourceDate "2010.11.25"]
[SourceVersion "1"]
[SourceVersionDate "2010.11.25"]
[SourceQuality "1"]

1. e4 c5 2. Nc3 a6 3. a4 Nc6 4. f4 d6 5. Nf3 e6 6. g3 Qc7 7. Bg2 Nf6 8. 0-0 Be7 9. d3 0-0 10. b3 Rd8 11. h3 b6 12. Bb2 d5 13. e5 Nh5 14. Ne2 g6 15. g4 Na7 16. Ng3 Rb8 17. Qe2 b5 18. Rad1 d4 19. Ne4 b4 1-0

[Event "Pyramiden Franken Cup 4th"]
[Site "Fuerth"]
[Date "2001.08.21"]
[Round "4"]
[White "Schlosberg, Michael Jr"]
[Black "Kaiser, Helmut"]
[Result "1/2-1/2"]
[WhiteElo "1433"]
[BlackElo "1944"]
[PlyCount "59"]
[EventDate "2001.08.18"]
[EventType "swiss"]
[EventRounds "9"]
[EventCountry "GER"]
[SourceTitle "EXT 2010"]
[Source "ChessBase"]
[SourceDate "2010.11.25"]
[SourceVersion "1"]
[SourceVersionDate "2010.11.25"]
[SourceQuality "1"]

1. e4 e6 2. d4 d5 3. Nc3 Bb4 4. e5 c5 5. a3 Bxc3+ 6. bxc3 Qc7 7. Nf3 Bd7 8. Bd3 Ba4 9. Ng5 cxd4 10. cxd4 Nc6 11. 0-0 Nge7 12. Qh5 g6 13. Qh6 Nf5 14. Bxf5 gxf5 15. Qg7 0-0-0 16. Qxf7 Rde8 17. Qxc7+ Kxc7 18. Nf7 Rhg8 19. Nd6 Re7 20. Rb1 b6 21. c3 Reg7 22. g3 Na5 23. Rb4 Bc6 24. Bf4 Rg4 25. Bd2 R4g7 26. Rc1 Kb8 27. c4 dxc4 28. Nxc4 Nxc4 29. Rbxc4 Bd5 30. R4c3 1/2-1/2

[Event "Wuerzburg op 13th"]
[Site "Wuerzburg"]
[Date "1997.??.??"]
[Round "2"]
[White "Kaiser, Helmut"]
[Black "Issing, Peter"]
[Result "0-1"]
[WhiteElo "1990"]
[BlackElo "2235"]
[PlyCount "102"]
[EventDate "1997.05.??"]
[EventType "swiss"]
[EventRounds "7"]
[EventCountry "GER"]
[SourceTitle "CBM 058 Extra"]
[Source "ChessBase"]
[SourceDate "1997.07.29"]
[SourceVersion "1"]
[SourceVersionDate "1997.07.29"]
[SourceQuality "1"]

1. e4 c5 2. Nc3 e6 3. f4 d5 4. e5 Nc6 5. Bb5 Bd7 6. Nf3 Nge7 7. 0-0 a6 8. Bxc6 Bxc6 9. d3 h5 10. Nh4 g6 11. Qe1 Nf5 12. Nf3 h4 13. a4 b6 14. Bd2 Be7 15. Nd1 Qd7 16. b3 Kf8 17. Nf2 Kg7 18. Nh3 b5 19. a5 b4 20. Nhg5 Rab8 21. Be3 Rh5 22. Bf2 Rbh8 23. Qd2 Qc7 24. Rfe1 Bb5 25. Rec1 d4 26. Re1 Bc6 27. Ne4 Bd5 28. Ra2 Qc6 29. Qe2 Rb8 30. Nf6 Bxf3 31. gxf3 Rhh8 32. Qe4 Qc7 33. Ng4 h3 34. Kh1 Rb5 35. Rea1 Bd8 36. Kg1 Rb8 37. Kf1 Be7 38. Ke2 Rbd8 39. Rg1 Rd5 40. Rga1 Rhd8 41. Rg1 c4 42. bxc4 Rxa5 43. Rga1 Rxa2 44. Rxa2 Qb6 45. Kd1 Rb8 46. Qe2 a5 47. Kc1 b3 48. cxb3 Qxb3 49. Qc2 Qb7 50. Rxa5 Qxf3 51. Nf6 Qh1+ 0-1